| 000 | 01197 a2200253 4500 | ||
|---|---|---|---|
| 001 | 46043 | ||
| 005 | 20260407155733.0 | ||
| 008 | 260407a2007 arg spa d | ||
| 003 | AR-UNSa-BCEJYS | ||
| 040 |
_aAR-UNSa-BCEJYS _bspa _cAR-UNSa-BCEJYS |
||
| 080 |
_a330.101.541 _xMacroeconomía |
||
| 245 | 1 | 0 | _aProgresos en Macroeconomía |
| 020 | _a978-950-9445-47-5 | ||
| 264 | 1 |
_aBuenos Aires : _bAsociación Argentina de Economía Política _c2007 |
|
| 300 |
_a236 p. _c23 cm. |
||
| 505 | _a1. Prólogo - 2. Breve historia de la AAEP - 3. Consejo Directivo de la AAEP - 4. Complementariedades y política macroeconómica / Humberto M. Ennis - 5. Reformas estructurales y macroeconomía / José María Fanelli - 6. Desarrollos y alternativas : algunas perspectivas del análisis macroeconómico / Daniel Heymann - 7. Estabilización económica e incentivos políticos / Jorge M. Streb. | ||
| 942 | _cBK | ||
| 590 | _aniveau_biblio:m niveau_hierar:0 | ||
| 100 | 1 | _aFanelli, José María | |
| 700 | 1 | _aEnnis, Huberto María | |
| 700 | 1 | _aHeymann, Daniel | |
| 700 | 1 | _aStreb, Jorge M. | |
| 856 | 4 | 1 |
_uhttps://www.biblioeco.unsa.edu.ar/pmb/images/libros/L127290.jpg _yImagen de portada _qimage/jpeg |
| 999 |
_c4124 _d4124 |
||